| 000 | 00474nam a22001817a 4500 | ||
|---|---|---|---|
| 003 | OSt | ||
| 020 | _a9788192668970 | ||
| 082 |
_a631.4 _bARV/HA |
||
| 100 | _aArvind Kumar, Singh | ||
| 245 | _aHandbook of soil science | ||
| 260 |
_aJaipur _bAgrotech press _c2013 |
||
| 300 | _a241 pages; | ||
| 650 | _aClassification of soil | ||
| 650 | _aSoil survey and sampling designs | ||
| 650 | _aSoil mineralogy | ||
| 650 | _aMechanism of soil erosion | ||
| 942 |
_2ddc _cBK |
||
| 999 |
_c132215 _d132215 |
||